000 00962nam a2200265 i 4500
001 8866
003 ES-MaACL
005 20250731005546.0
007 t|
008 921106s1991 sp c |||| | spa d
020 _a84-87661-05-X
080 _a902.551(464.1)M.A.E.
080 _a9(46)"1936/1939"(001)
110 1 _aEspaña.
_bMinisterio de Asuntos Exteriores.
_93845
245 1 0 _aArchivo de Barcelona
_b: inventarios : Ministerio de Estado, 1936-1939.
260 _aMadrid :
_bMinisterio de Asuntos Exteriores,
_c1991.
300 _a374 p. ;
_c25 cm.
490 1 _aBiblioteca diplomática española. Sección Varios ;
_v2
610 2 4 _aArchivo de Barcelona.
_91423
651 4 _aEspaña-
_xHistoria-
_y1936-1939, Guerra civil-
_xFuentes.
_98305
710 1 _aEspaña.
_bMinisterio de Asuntos Exteriores.
_93845
830 0 0 _aBiblioteca diplomática española.
_pVarios
_v2
_9179529
852 _aES-MaACL
_jL-16305
999 _c8866
_d8866